000 01225nam a2200229Ia 4500
001 L248-31653
003 IT-CnALBA
008 170116s9999||||xx |||||||||||||| ||und||
040 _aIT-CnALBA
_cIT-CnALBA
041 _aITALIANO
100 _aFLOREANI DON RICCARDO (A CURA)
245 0 _aLE APPARIZIONI DI MARIA IN FRIULI E LA DIVINA MISERICORDIA.
250 _a1a ed.
260 _a UDINE
_bSEGNO, EDIZIONI
_c1994 [1° Ed.:1994 - Ed.Ling.Originale: 1994]
300 _a93 p.
500 _aLA PIEVE DI ROSA DAL TEMPO DEI LONGOBARDI. ED E CRISTIANI DAL TEMPO DEGLI APOSTOLI AD OGGI. TEMPO DI DECISIONI. TERAPEUTI GIUDEIZZANTI. CRISTIANESIMO E AQUILEIA. VITALITA' DELLA PIEVE. PROTEZIONE DIVINA. LA PIEVE AI NOSTRI GIORNI. POTENZA DI MARIA. PRODIG
501 _aSocietà San Paolo EM - Piazza San Paolo, 14 - 12051 ALBA (CN) (non commercial uses only) ® Copyright 2017
520 _aLA PIEVE DI ROSA DAL TEMPO DEI LONGOBARDI. ED E CRISTIANI DAL TEMPO DEGLI APOSTOLI AD OGGI. TEMPO DI DECISIONI. TERAPEUTI GIUDEIZZANTI. CRISTIANESIMO E AQUILEIA. VITALITA' DELLA PIEVE. PROTEZIONE DIVINA. LA PIEVE AI NOSTRI GIORNI. POTENZA DI MARIA. PRODIG
650 _aASCETICA E MISTICA
942 _cBK
957 _71
999 _a36421
_bNO
_g Copie: 1
_c290487
_d290487